Němčina pro pokročilé. : Sugestopedický kurz využívající paradoxního učení, ... /
Uložené v:
| Hlavní autori: | , , |
|---|---|
| Médium: | Kniha |
| Jazyk: | Czech |
| Vydané: |
Praha :
Scarabeus, knižní a hudební vydavatelství,
1995
|
| Vydanie: | 1. vyd. |
| Témy: | |
| ISBN: |
8085901056 (brož.) |
| Fyzický popis: |
249 s. : + MG 303-316 + 14 MG |
| Tagy: |
Pridať tag
Žiadne tagy, Buďte prvý kto otaguje tento záznam!
|
Titul je dostupný aj v ... 

MARC
| LEADER | 00000nam a2200000 a 4500 | ||
|---|---|---|---|
| 001 | 000052521 | ||
| 003 | SVKK | ||
| 005 | 19951031000000.0 | ||
| 008 | 950811s1995 cs e czeo | ||
| 020 | |a 8085901056 (brož.) | ||
| 040 | |a SVKKK |b slo |c SVKKK |e AACR2 | ||
| 041 | 0 | |a cze | |
| 044 | |a cs |c CS | ||
| 080 | |a 803.0(075) |2 1997 | ||
| 100 | 1 | |a Budínová, Miroslava |4 aut | |
| 245 | 1 | 0 | |a Němčina pro pokročilé. : |b Sugestopedický kurz využívající paradoxního učení, ... / |c Miroslava Budínová, Zdeňka Králová, Ján Praško |
| 250 | |a 1. vyd. | ||
| 260 | |a Praha : |b Scarabeus, knižní a hudební vydavatelství, |c 1995 | ||
| 300 | |a 249 s. : |b + MG 303-316 + |e 14 MG | ||
| 653 | 0 | |a jazyk nemecký |2 SVKKKPH | |
| 653 | 0 | |a kurzy sugestopedické |2 SVKKKPH | |
| 653 | 0 | |a učebnice |2 SVKKKPH | |
| 655 | 7 | |a učebnice |2 SVKKKPH | |
| 700 | 1 | |a Králová, Zdeňka |4 aut | |
| 700 | 1 | |a Praško, Ján |d 1956- |4 aut | |
| 910 | |a svkkk | ||
| 919 | |a 80-85901-05-6 | ||
| 974 | |a EG |d 19950929 | ||
| 974 | |a KL |d 19950920 | ||
| 974 | |a PA |d 19951031 | ||
| 998 | |a BK | ||
| 090 | |g SCKHL |k Sklad Pribinova 3. posch. |a V.193590 |j 885560 |i 2720343831 |4 Strata |s Vyradená | ||